00754nam a2200205 a 450000100060000000300080000600500170001400800410003103500190007204000270009104100080011808200220012624502320014826000400038030000320042050000190045265000290047170000270050070000210052764468BD-RjUL20211209081319.0170215s1965 enk 001 0 eng  a(BD-RjUL)64598 aDLCcOCUdBD-RjULbeng aeng 223a960bMAN 196510aMan and Africa :ba Ciba Foundation symposium jointly with the Halie Selassie l Prize Trust under the patrionage of His Imperial Majesty Haile Selassie l, Emperor of Ethiopia /cEdited by Gordon Wolstenholme and Maeve O'Conner. aLondon :bJ. & A. Churchill,c1965. axx, 400 p. :bill. ;c21cm. aIncludes index 0aHuman geographyzAfrica.1 aWolstenholme, G. E. W.1 aO'Connor, Maeve,